Family medicine board review / (Record no. 117062)

MARC details
000 -LEADER
fixed length control field 00892cam a22002894a 4500
008 - FIXED-LENGTH DATA ELEMENTS--GENERAL INFORMATION
fixed length control field
020 ## - INTERNATIONAL STANDARD BOOK NUMBER
International Standard Book Number 9780071625517 (pbk.)
049 ## - LOCAL HOLDINGS (OCLC)
Holding library MAIN
090 ## - LOCALLY ASSIGNED LC-TYPE CALL NUMBER (OCLC); LOCAL CALL NUMBER (RLIN)
Classification number (OCLC) (R) ; Classification number, CALL (RLIN) (NR) RC58
Local cutter number (OCLC) ; Book number/undivided call number, CALL (RLIN) WAI
003 - CONTROL NUMBER IDENTIFIER
control field
005 - DATE AND TIME OF LATEST TRANSACTION
control field 20230120204109.0
040 ## - CATALOGING SOURCE
Transcribing agency NUST
100 1# - MAIN ENTRY--PERSONAL NAME
Personal name Waickus, Cynthia.
245 10 - TITLE STATEMENT
Title Family medicine board review /
Statement of responsibility, etc. Cynthia Waickus, William Schwer and Scott Plantz.
250 ## - EDITION STATEMENT
Edition statement 4th ed.
260 ## - PUBLICATION, DISTRIBUTION, ETC.
Place of publication, distribution, etc. New York :
Name of publisher, distributor, etc. McGrawHill,
Date of publication, distribution, etc. c2010.
300 ## - PHYSICAL DESCRIPTION
Extent ix, 575 p. :
Other physical details ill. ;
Dimensions 28 cm.
490 ## - SERIES STATEMENT
Series statement Pearls of wisdom.
504 ## - BIBLIOGRAPHY, ETC. NOTE
Bibliography, etc. note Includes bibliographical references.
500 ## - GENERAL NOTE
General note Includes index.
650 #0 - SUBJECT ADDED ENTRY--TOPICAL TERM
Topical term or geographic name entry element Family medicine
Form subdivision Examinations, questions, etc.
650 #2 - SUBJECT ADDED ENTRY--TOPICAL TERM
Topical term or geographic name entry element Family Practice
Form subdivision Examination Questions.
700 ## - ADDED ENTRY--PERSONAL NAME
Personal name Plantz, Scott.
700 ## - ADDED ENTRY--PERSONAL NAME
Personal name Schwer, William.
907 ## - LOCAL DATA ELEMENT G, LDG (RLIN)
a .b10312912
b 29-05-12
c 24-04-12
942 ## - ADDED ENTRY ELEMENTS (KOHA)
Koha item type Ordinary Loan Books
Call number prefix RC58
Call number suffix WAI
Holdings
Date last seen Total Checkouts Full call number Barcode Cost, replacement price Price effective from Koha item type Lost status Source of classification or shelving scheme Damaged status Not for loan Collection Withdrawn status Home library Current library Shelving location Date acquired Cost, normal purchase price
01/20/2023   RC58 WAI 92004031198 80.00 01/20/2023 BOOKS   LCC     NFIC   Medical Medical GEN 01/20/2023 80.00